01311nam a22003377a 4500003000400000005001700004008004100021040002200062082001500084100002700099245012800126260010700254300001800361490001300379505003600392505002500428505002900453505001400482505002600496505002000522505001200542505002000554505002300574505004900597505008800646650004100734650004300775650004700818650005500865650005300920OSt20230421121036.0221006b |||||||| |||| 00| 0 eng d cBiblioteca Lado V a707bL747a eeditoraLindo, Ricardo aARS/bRevista de la Dirección Nacional de Artes, CONCULTURA, Ministerio de Educación. San Salvador, El Salvador, C.A./  bConsejo Nacional para la Cultura y el ArtebMinisterio de Educación San Salvadorc1999aSan Salvador c22x28cma91p. a17v1999 aEditorial Carlos Martinez Rivas aEl Paraiso Recobrado aEl Balcon sobre la tarde aEl Placer aEl Anillo de Oricalco aLa Carta Muerta aBeatriz aSagrada familia aDos Jovenes Poetas aLa Cajetilla de Tabaco y el arte del milenio aBitacoragEs Cara Musa Los que se van: Rolando Elias Ilustraciones e Ilustradores 2Tesauro de Arte & ArquitecturaaARTE 2Tesauro de Arte & ArquitecturaaPOESIA 2Tesauro de Arte & ArquitecturaaLITERATURA 2Tesauro de Arte & ArquitecturaaARTE CONTEMPORANEO 2Tesauro de Arte & ArquitecturaaMUJERES ARTISTAS